Rivers to countries - Statistics

General Stats
  • This quiz has been taken 40 times
  • The average score is 14 of 15
Answer Stats
River Answer % Correct
Yangtze China
100%
Indus China/India/Pakistan
100%
Mekong China/Myanmar/Burma/Thailand/Lao/Cambodia/Vietnam
100%
Amazon Ecuador/Columbia/Colombia/Bolivia/Brasil/Brazil/Venezuela
100%
Nile Egypt/Burundi/Tanzania/South Sudan/Sudan/Rwanda/ Democratic Republic of the Congo/DRC/Kenya/Uganda/Ethiopia
100%
Thames River England/UK/United Kingdom
100%
Rhine Liechtenstein/Germany/France/Switzerland/Austria/Netherlands/Holland
100%
Congo Cameroon/Central African Republic/CAR/Democratic Republic of the Congo/DRC
97%
Ganges China/India/Nepal/Bangladesh
97%
Mississippi River US/United States
97%
Seine France
94%
Columbia USA/Canada/United States
94%
Danube Germany/Austria/Slovakia/Hungary/Croatia/Bulgaria/Serbia/Ukraine/Romania/Moldova
92%
Volga Russia
92%
Tiber Italy
83%
No matching quizzes found
Score Distribution
Percent of People with Each Score
Percentile by Number Answered
Your Score History
You have not taken this quiz